| 000 | 00554nam a2200157Ia 4500 | ||
|---|---|---|---|
| 008 | 220216s9999 xx 000 0 und d | ||
| 100 | _aUlaganathan A. | ||
| 245 | 0 | _aFixation of added phosphorus and its relationship with soil characteristics in rubber growing soils of Kerala | |
| 260 | _bNational Seminar on Development in Soil Science, 2008, 73rd Annual Convention, 27-30 November 2008, UAS, Bangalaore. | ||
| 700 | _aAmbily K.K. | ||
| 700 | _aEappen T. | ||
| 700 | _aNair A.N.S. | ||
| 700 | _aNair N.U. | ||
| 700 | _aSatisha G.C. | ||
| 942 | _cBS | ||
| 999 |
_c52276 _d52276 |
||